Perkhidmatan Awam Malaysia : meningkatkan kecekapan dan keberkesanan sistem penyampain perkhidmatan

Bibliographic Details
Format: Book
Published: Putrajaya : Unit Pemodenan Tadbiran dan Perancangan Pengurusan Malaysia, , 2006
Subjects:

MARC

LEADER 00000cam a2200000 7i4500
001 0000003589
005 20070810.0
020 0 0 |a 9839827200 
090 0 0 |a 351.595   |b PER 
245 1 0 |a Perkhidmatan Awam Malaysia :   |b meningkatkan kecekapan dan keberkesanan sistem penyampain perkhidmatan 
260 0 0 |a Putrajaya :   |b Unit Pemodenan Tadbiran dan Perancangan Pengurusan Malaysia, ,   |c 2006 
300 |a 132ms. :   |b il. ;   |c 25cm. 
650 0 0 |a Civil service   |z Malaysia   |x Management 
650 0 0 |a Public administration   |z Malaysia   |x Management 
999 |a 0000006966   |b Monograph   |c Open Shelf   |e Default branch